000 00392nam a2200169Ia 4500
001 22830
005 20260414150856.0
008 260414t2012||||xx |||||||||||||| ||spa||
041 _aESP
082 _a624.151
_bG72
100 _aGonzález de Vallejo, Luis I.
_eAUT
245 0 _aIngeniería geológica
_b
260 _c2012
650 _a0
654 _aCIC
942 _cLIB
_dJUS
_fJUS
_2ddc
_n
999 _c22830
_d22830